书目信息 |
| 题名: |
马利纳
|
|
| 作者: | 巴赫曼 著 ;董勤文 译 | |
| 分册: | ||
| 出版信息: | 南京 江苏凤凰文艺出版社 2024.06 |
|
| 页数: | 461页 | |
| 开本: | 21cm | |
| 丛书名: | ||
| 单 册: | ||
| 中图分类: | I521.45 | |
| 科图分类: | ||
| 主题词: | 长篇小说--奥地利--现代 | |
| 电子资源: | ||
| ISBN: | 978-7-5594-8177-1 | |
| 000 | 01360nam0 2200277 450 | |
| 001 | 01022227 | |
| 005 | 20251022143039.71 | |
| 010 | @a978-7-5594-8177-1@dCNY69.80 | |
| 100 | @a20240718d2024 em y0chiy0120 ea | |
| 101 | 1 | @achi@cger |
| 102 | @aCN@b320000 | |
| 105 | @ay z 000ay | |
| 106 | @ar | |
| 200 | 1 | @a马利纳@9ma li na@dMalina@f(奥)英格伯格·巴赫曼(Ingeborg Bachmann)著@g董勤文译@zeng |
| 210 | @a南京@c江苏凤凰文艺出版社@d2024.06 | |
| 215 | @a461页@d21cm | |
| 300 | @a后浪 | |
| 314 | @a英格博格·巴赫曼 (Ingeborg Bachmann,1926—1973)奥地利诗人、小说家、剧作家,20世纪德语文学代表人物之一。生于克恩滕州克拉根福,奥地利、斯洛文尼亚、意大利三国交界处。父亲是纳粹党人。 | |
| 330 | @a您好,我是一个不知名的女人,我住在维也纳。我和马利纳同居,和伊万恋爱。马利纳在一墙之隔的地方,伊万在电话线的另一端。我,死于马利纳,活于伊万。我时常会做关于我父亲的噩梦。我偶尔想象这片土地传奇般的往昔。我吓跑了来采访我、来亲吻我的手的记者。我是如皮埃罗一般的悲伤小丑女。今天,我还在这里,在我的匈牙利巷,宽阔的弧线形领地。但总有一天,我会消失,走进一面最古老、最坚实的墙里。“这是谋杀。” | |
| 510 | 1 | @aMalina@zeng |
| 606 | 0 | @a长篇小说@y奥地利@z现代 |
| 690 | @aI521.45@v5 | |
| 701 | 1 | @c(奥)@a巴赫曼@9ba he man@c(Bachmann, Ingeborg@f1926-1973)@4著 |
| 702 | 0 | @a董勤文@9dong qin wen@4译 |
| 801 | 0 | @aCN@c20250911 |
| 905 | @a河南城建学院图书馆@dI521.45@eB034@ZB034@f1 | |
| 马利纳=Malina/(奥)英格伯格·巴赫曼(Ingeborg Bachmann)著/董勤文译.-南京:江苏凤凰文艺出版社,2024.06 |
| 461页;21cm |
| 后浪 |
| ISBN 978-7-5594-8177-1:CNY69.80 |
| 您好,我是一个不知名的女人,我住在维也纳。我和马利纳同居,和伊万恋爱。马利纳在一墙之隔的地方,伊万在电话线的另一端。我,死于马利纳,活于伊万。我时常会做关于我父亲的噩梦。我偶尔想象这片土地传奇般的往昔。我吓跑了来采访我、来亲吻我的手的记者。我是如皮埃罗一般的悲伤小丑女。今天,我还在这里,在我的匈牙利巷,宽阔的弧线形领地。但总有一天,我会消失,走进一面最古老、最坚实的墙里。“这是谋杀。” |
| ● |
| 相关链接 |
|
|
|
正题名:马利纳
索取号:I521.45/B034
 
预约/预借
| 序号 | 登录号 | 条形码 | 馆藏地/架位号 | 状态 | 备注 |
| 1 | 1636369 | 216363691 | 文学库116/116文学库 18排2列1层/ [索取号:I521.45/B034] | 在馆 |